| 000 | 00805cam a2200217 4500 | ||
|---|---|---|---|
| 001 | WB3540-08 | ||
| 008 | 000000n1999 000 0 eng u | ||
| 035 | _a(Sirsi) u100390 | ||
| 245 | _aPCB sealant risks | ||
| 260 | _c1999 | ||
| 490 |
_aENDS Report _v(296) September 1999, 11(1) |
||
| 520 | _aA report commissioned by the DETR indicates that building sealants used in the 1960s and 1970s may be a major source of individuals' exposure to PCBs. As yet there is is no evidence of the amounts of PCBs used in sealants in the UK. | ||
| 590 | _aWB | ||
| 650 | _aBUILDING SEALANTS | ||
| 650 | _aPCB SEALANTS | ||
| 650 |
_aHEALTH AND SAFETY _96244 |
||
| 650 |
_aContamination _96231 |
||
| 650 | _aBUILT ENVIRONMENT-BUILDING MATERIALS | ||
| 690 | _aBUILT ENVIRONMENT-BUILDING STANDARDS | ||
| 942 | _n0 | ||
| 999 |
_c60074 _d60074 |
||